| 000 | 00353nam a2200133Ia 4500 | ||
|---|---|---|---|
| 008 | 150301s2009 xx 000 0 und d | ||
| 082 |
_a610.7 _bN09W |
||
| 100 | _aWOODWARD, SUE | ||
| 245 | _aNEUROSCIENCE NURSING ASSESSMENT & PATIENT MANAGEMENT | ||
| 260 |
_bC.B.S. DELHI _c2009 |
||
| 300 | _a397 | ||
| 650 | _aNEUROSCIENCE NURSING | ||
| 942 |
_2ddc _cBK _011 |
||
| 999 |
_c6819 _d6819 |
||